000 00372nam a2200145Ia 4500
008 231129s1989||||xx |||||||||||||| ||spa||
020 _a968-451-810-2
040 _bspa
082 _a005.3 G685p
100 _aGottfried Byron S.
245 0 _aProgramacion en Pascal
260 _c1989
264 _aMcGraw-Hill
942 _2ddc
_cBKS
999 _c23338
_d23338